000 00445nam a2200181Ia 4500
008 220531s9999 xx 000 0 und d
041 _aeng
082 _bUGC / SON
100 _aSonawane, J. S.
_983919
245 _aUGC NET/SLECT Social Work
250 _a1ST
260 _aAgra
_bCurrent
_c2013
300 _a704
542 _d31-05-2018
650 _aCompetitive exam
_983920
906 _d2018-2019
_f12776
999 _c46204
_d46204